LEADER 00986nam a2200229 4500 001 000000339389 003 CaOOAMICUS 005 20200212000000.0 008 200212s2019 enka 000 u eng r 020 $a978-0-7515-7828-7 040 $aSeMil$bita 100 1 $aRowling, J. K.,$d<1965- >.$0(OLS)http://semarc/name/48078 245 10$aFantastic beasts :$bthe crimes of Grindelwald : the original screenplay /$cJ.K. Rowling ; illustrations and design by Minalima. 264 1$aLondon :$bSphere,$c2019. 300 $aX, 287 p. :$bill. ;$c20 cm 850 $aSeMil 852 $aSeMil$W1$xVenegono$y1$m1V II 359$j218756$B230481$CSeMilBibl$Z2$F230481 $81 961 $aPerego don Stefano - Omaggio 996 $6020$a978-0-7515-7828-7$9(OLS)http://semarc/number/289910 996 $6245$aFantastic beasts :$bthe crimes of Grindelwald : the original screenplay$9(OLS)http://semarc/title/428208 996 $6264$aLondon :$bSphere$9(OLS)http://semarc/publisher/58840 LEADER 01118nam a2200289 i 4500 001 000000054572 003 CaOOAMICUS 005 20090210000000.0 008 090210s1997 it u000 u ita u 013 $a25744 020 $a88-384-2831-X 040 $aSeMil$bita 100 1 $aLuther, Martin$b<1483-1545>.$0(OLS)http://semarc/name/305 245 10$aPreghiere /$cMartin Lutero ; a cura e con introduzione di Stefano Cavallotto. 260 $aCasale Monferrato :$bPiemme,$c1997. 300 $a327 p. ;$c21 cm. 490 0 $aL'anima del mondo ;$v9 700 1 $aCavallotto, Stefano,$c.$0(OLS)http://semarc/name/1413 830 2$aL'anima del mondo ;$v9.$0(OLS)http://semarc/title/2164 850 $aSeMil 852 $aSeMil$W1$xVenegono$y1$m2C V 529$j20726$B20726$CSeMilBibl$Z2$F20728 $81 900 1 $aMartin Lutero. 961 $aAcquisto: Altro 996 $6020$a88-384-2831-X$9(OLS)http://semarc/number/29491 996 $6245$aPreghiere$9(OLS)http://semarc/title/50036 996 $6260$aCasale Monferrato :$bPiemme$9(OLS)http://semarc/publisher/29798